| 000 | 00577nam a2200193 u 4500 | ||
|---|---|---|---|
| 005 | 20240228064203.0 | ||
| 008 | 150220s2007 r 000 0 eng d | ||
| 020 | _a9789500728782 | ||
| 035 | _aUPN01000201886 | ||
| 049 | _aI | ||
| 050 | 4 |
_aPZ78 _bM4.3 |
|
| 100 | 1 |
_aMéndez, Natalia _936957 |
|
| 245 | 1 | 3 |
_aEl circo fantástico de los hermanos ABC / _cNatalia Méndez. |
| 260 |
_aBuenos Aires : _bSudamericana, _c2007. |
||
| 300 |
_a[28] p. : _bil. |
||
| 650 | 7 |
_aLibros ilustrados para niños _2 _921365 |
|
| 650 | 4 |
_aLibros y lectura para niños _92290 |
|
| 905 | _aInfantil | ||
| 999 |
_c173987 _d173987 |
||